Statistical methods for textile technologists / (Record no. 162505)

MARC details
000 -LEADER
fixed length control field 00698nam a2200229 i 4500
008 - FIXED-LENGTH DATA ELEMENTS--GENERAL INFORMATION
fixed length control field
049 ## - LOCAL HOLDINGS (OCLC)
Holding library MAIN
090 ## - LOCALLY ASSIGNED LC-TYPE CALL NUMBER (OCLC); LOCAL CALL NUMBER (RLIN)
Classification number (OCLC) (R) ; Classification number, CALL (RLIN) (NR) TS1449
Local cutter number (OCLC) ; Book number/undivided call number, CALL (RLIN) MUR
003 - CONTROL NUMBER IDENTIFIER
control field
005 - DATE AND TIME OF LATEST TRANSACTION
control field 20230123134236.0
040 ## - CATALOGING SOURCE
Transcribing agency NUST
100 1# - MAIN ENTRY--PERSONAL NAME
Personal name Murphy, T.
245 10 - TITLE STATEMENT
Title Statistical methods for textile technologists /
Statement of responsibility, etc. T. Murphy, K. P. Norris, L. H. C. Tippett.
260 ## - PUBLICATION, DISTRIBUTION, ETC.
Place of publication, distribution, etc. Manchester :
Name of publisher, distributor, etc. The Textile Institute,
Date of publication, distribution, etc. 1960.
300 ## - PHYSICAL DESCRIPTION
Extent 107 p. ;
Dimensions 22 cm.
500 ## - GENERAL NOTE
General note Includes index.
650 #0 - SUBJECT ADDED ENTRY--TOPICAL TERM
Topical term or geographic name entry element Textile industry
General subdivision Statistical methods.
700 1# - ADDED ENTRY--PERSONAL NAME
Personal name Norris, K. P.
700 1# - ADDED ENTRY--PERSONAL NAME
Personal name Tippett, Leonard Henry Caleb.
907 ## - LOCAL DATA ELEMENT G, LDG (RLIN)
a .b10211093
b 06-10-15
c 22-08-06
942 ## - ADDED ENTRY ELEMENTS (KOHA)
Koha item type Ordinary Loan Books
Call number prefix TS1449
Call number suffix MUR
Holdings
Date last seen Total Checkouts Full call number Barcode Cost, replacement price Price effective from Koha item type Lost status Source of classification or shelving scheme Damaged status Not for loan Collection Withdrawn status Home library Current library Shelving location Date acquired Cost, normal purchase price
01/23/2023 8 TS1449 MUR 92004002346 80.00 01/23/2023 BOOKS   LCC     NFIC   MAIN MAIN GEN 01/23/2023 80.00